000
00257nam a2200097Ia 4500
001
707785
005
20250826162514.0
008
250824s9999 xx 000 0 und d
245
0
_a
TÜRK TARİHİNİN ÖNCÜLERİ
_c
İLHAMİ DURMUŞ
260
_b
AKÇAĞ YAYINLARI
999
_c
707785
_d
707785